000 00225nam a22000857a 4500
999 _c11117
_d11117
008 180919b ||||| |||| 00| 0 eng d
100 _aTeitelabaum,M.
_96884
245 _aMartin Luther King Jr
260 _aNew Delhi
_bCampfire
_c2016